<?xml version="1.0" encoding="UTF-8"?>
<collection xmlns="http://www.loc.gov/MARC21/slim">
 <record>
  <leader>00848nam a2200145Ia 4500</leader>
  <controlfield tag="001">TDMU_23638</controlfield>
  <controlfield tag="008">210410s9999    xx            000 0 und d</controlfield>
  <datafield tag="082" ind1=" " ind2=" ">
   <subfield code="a">959.704</subfield>
  </datafield>
  <datafield tag="100" ind1=" " ind2=" ">
   <subfield code="a">Kim Hà</subfield>
  </datafield>
  <datafield tag="245" ind1=" " ind2="0">
   <subfield code="a">Đội biệt động Thị xã Thủ Dầu Một: XưÌng danh anh huÌ€ng</subfield>
  </datafield>
  <datafield tag="245" ind1=" " ind2="0">
   <subfield code="c">Kim Hà</subfield>
  </datafield>
  <datafield tag="300" ind1=" " ind2=" ">
   <subfield code="a">3tr</subfield>
  </datafield>
  <datafield tag="650" ind1=" " ind2=" ">
   <subfield code="a">ĐôÌ£i BiêÌ£t đôÌ£ng thị xã Thủ Dầu Một ; Danh hiêÌ£u Anh huÌ€ng lưÌ£c lươÌ£ng vuÌƒ trang nhân dân; KhaÌng chiêÌn chôÌng MyÌƒ ; Ông NguyêÌƒn Văn QuyÌ€ (Tư QuyÌ€ - nguyên ĐôÌ£i trươÌ‰ng ĐôÌ£i BiêÌ£t đôÌ£ng TX.TDM); Lịch sử </subfield>
  </datafield>
  <datafield tag="856" ind1=" " ind2=" ">
   <subfield code="u">http://lrc.tdmu.edu.vn/opac/search/detail.asp?aID=2&amp;ID=23638</subfield>
  </datafield>
  <datafield tag="980" ind1=" " ind2=" ">
   <subfield code="a">Trung tâm Học liệu Trường Đại học Thủ Dầu Một</subfield>
  </datafield>
 </record>
</collection>
